[Event "Altenkirchen Seniors op 19th"]
[Site "Altenkirchen"]
[Date "2022.07.27"]
[Round "9"]
[White "Hansult, Manfred"]
[Black "Schwab, Wolfgang"]
[Result "1/2-1/2"]
[WhiteElo "1838"]
[BlackElo "1807"]
[PlyCount "84"]
[EventDate "2022.07.19"]
[EventType "swiss"]
[EventRounds "9"]
[EventCountry "GER"]
[SourceTitle "EXT 2023"]
[Source "ChessBase"]
[SourceDate "2022.10.05"]
[SourceVersion "1"]
[SourceVersionDate "2022.10.05"]
[SourceQuality "1"]

1. d4 c5 2. e3 cxd4 3. exd4 d5 4. Nf3 Nf6 5. c3 Bf5 6. Bd3 Bg4 7. Nbd2 Nbd7 8. Qc2 e6 9. 0-0 Bd6 10. Re1 Qc7 11. h3 Bh5 12. Be2 Bg6 13. Qd1 h6 14. Nf1 a6 15. Nh4 Bh7 16. Bd3 0-0 17. Bxh7+ Nxh7 18. Nf3 Nhf6 19. Ne3 Ne4 20. Nd2 Ndf6 21. Nxe4 Nxe4 22. Nf1 b5 23. Qf3 Qe7 24. Ne3 Qf6 25. Qxf6 Nxf6 26. Ng4 Nxg4 27. hxg4 Rac8 28. Bd2 g5 29. a3 Rfe8 30. Re2 f6 31. g3 e5 32. dxe5 fxe5 33. Kg2 Rc4 34. Rae1 Rf8 35. f3 Kg7 36. Rd1 d4 37. cxd4 Rxd4 38. Rde1 Rd5 39. Bc3 Re8 40. Rd2 Rxd2+ 41. Bxd2 Kf7 42. Bc3 Re6 1/2-1/2

[Event "Altenkirchen Seniors op 19th"]
[Site "Altenkirchen"]
[Date "2022.07.25"]
[Round "7"]
[White "Schwab, Wolfgang"]
[Black "Hoefer, Heijo1111"]
[Result "0-1"]
[WhiteElo "1807"]
[BlackElo "1833"]
[PlyCount "108"]
[EventDate "2022.07.19"]
[EventType "swiss"]
[EventRounds "9"]
[EventCountry "GER"]
[SourceTitle "CBM 209 Extra"]
[Source "ChessBase"]
[SourceDate "2022.09.30"]
[SourceVersion "1"]
[SourceVersionDate "2022.09.30"]
[SourceQuality "1"]

1. Nf3 d5 2. g3 Bf5 3. Bg2 Nf6 4. d3 e6 5. 0-0 Be7 6. Nbd2 0-0 7. Re1 c6 8. Nh4 Bg4 9. h3 Bh5 10. Nhf3 Bxf3 11. Nxf3 d4 12. e4 dxe3 13. Bxe3 Nd5 14. Bd2 Qb6 15. Rb1 Nd7 16. c3 Bd6 17. d4 c5 18. Ne5 Nxe5 19. dxe5 Bc7 20. c4 Nb4 21. Bxb4 Qxb4 22. Qc2 Rad8 23. Re2 Rd4 24. b3 Rfd8 25. Rb2 g6 26. Kh2 Ba5 27. h4 Qa3 28. Qb1 Bc3 29. Bxb7 Bxb2 30. Qxb2 Qxb2 31. Rxb2 Rd2 32. Rxd2 Rxd2 33. Kg2 Rxa2 34. Bc6 Re2 35. Kf3 Rxe5 36. g4 Kg7 37. Kf4 Re2 38. f3 h6 39. Bd7 e5+ 40. Kg3 Re3 41. Ba4 g5 42. h5 e4 43. Kg2 Rxf3 44. Bc6 Rf4 45. Kg3 Kf6 46. Bd7 Ke5 47. Bc6 Rf3+ 48. Kg2 Rxb3 49. Kf2 Kf4 50. Bd5 Rb2+ 51. Ke1 a5 52. Bxf7 a4 53. Kd1 a3 54. Kc1 e3 0-1

[Event "Altenkirchen Seniors op 19th"]
[Site "Altenkirchen"]
[Date "2022.07.22"]
[Round "4"]
[White "Pfaff, Helmut"]
[Black "Schwab, Wolfgang"]
[Result "0-1"]
[WhiteElo "1201"]
[BlackElo "1807"]
[PlyCount "43"]
[EventDate "2022.07.19"]
[EventType "swiss"]
[EventRounds "9"]
[EventCountry "GER"]
[SourceTitle "CBM 209 Extra"]
[Source "ChessBase"]
[SourceDate "2022.09.30"]
[SourceVersion "1"]
[SourceVersionDate "2022.09.30"]
[SourceQuality "1"]

1. c4 c5 2. e4 e6 3. Nc3 a6 4. Nf3 d6 5. Be2 Nd7 6. d3 Ngf6 7. Bd2 Be7 8. a3 b6 9. b4 cxb4 10. axb4 Bb7 11. b5 a5 12. Nd4 Qc8 13. Bf3 Ne5 14. Na4 Nfd7 15. Qe2 Qd8 16. Bf4 Nc5 17. Nxc5 dxc5 18. Nc2 Qxd3 19. Ne3 Qxe2+ 20. Bxe2 Bxe4 21. 0-0 Bd6 22. Rfe1 0-1

[Event "Hessen-ch Seniors op 12th"]
[Site "Bad Sooden-Allendorf"]
[Date "2016.05.05"]
[Round "6"]
[White "Schwab, Wolfgang"]
[Black "Bendisch, Juergen"]
[Result "1/2-1/2"]
[WhiteElo "1761"]
[BlackElo "1888"]
[PlyCount "77"]
[EventDate "2016.04.30"]
[EventType "swiss"]
[EventRounds "9"]
[EventCountry "GER"]
[SourceTitle "EXT 2019"]
[Source "ChessBase"]
[SourceDate "2018.10.10"]
[SourceVersion "1"]
[SourceVersionDate "2018.10.10"]
[SourceQuality "1"]

1. Nf3 c5 2. e4 e6 3. d3 Nc6 4. g3 d6 5. Bg2 Nf6 6. Nbd2 Be7 7. 0-0 0-0 8. Re1 e5 9. h3 Bd7 10. Nc4 b5 11. Ne3 Rb8 12. b3 Re8 13. Nh4 g6 14. Nf3 Bf8 15. Nd5 Nxd5 16. exd5 Ne7 17. Ng5 h6 18. Ne4 Nc8 19. c4 f5 20. Nc3 b4 21. Ne2 Kh7 22. f4 Bg7 23. Bb2 exf4 24. Bxg7 Kxg7 25. Nxf4 Rxe1+ 26. Qxe1 Qf6 27. Rd1 Kf7 28. Ne6 Ne7 29. Nf4 g5 30. Ne2 Ng6 31. Qd2 Re8 32. d4 Qe7 33. Bf1 Qe3+ 34. Qxe3 Rxe3 35. dxc5 dxc5 36. Kf2 Re8 37. Nc1 Ne5 38. Bg2 Rd8 39. Nd3 1/2-1/2

[Event "Hessen-ch Seniors op 11th"]
[Site "Bad Sooden-Allendorf"]
[Date "2015.05.09"]
[Round "1"]
[White "Schwab, Wolfgang"]
[Black "Gabriel, Josef"]
[Result "1/2-1/2"]
[WhiteElo "1763"]
[BlackElo "2062"]
[PlyCount "109"]
[EventDate "2015.05.09"]
[EventType "swiss"]
[EventRounds "9"]
[EventCountry "GER"]
[SourceTitle "EXT 2018"]
[Source "ChessBase"]
[SourceDate "2017.10.13"]
[SourceVersion "1"]
[SourceVersionDate "2017.10.13"]
[SourceQuality "1"]

1. e4 g6 2. Nf3 Bg7 3. g3 c5 4. d3 Nc6 5. Bg2 d6 6. 0-0 Bg4 7. h3 Bd7 8. c3 Qc8 9. Kh2 h5 10. Ng1 Nf6 11. f3 b5 12. Be3 Ne5 13. Qe2 a5 14. Nd2 a4 15. d4 cxd4 16. cxd4 Nc6 17. Rac1 Qb8 18. Rfd1 a3 19. b3 e5 20. d5 Nb4 21. Nb1 Qd8 22. Qd2 Qa5 23. Bf1 0-0 24. Qf2 Na6 25. Bd2 b4 26. Be3 Rab8 27. Nd2 Bb5 28. Bxb5 Qxb5 29. Rc6 Rfd8 30. Rdc1 Bf8 31. Qe2 Qxe2+ 32. Nxe2 Ra8 33. Nc4 Nd7 34. Nb6 Nxb6 35. Bxb6 Rd7 36. R6c4 Rb8 37. Be3 Kg7 38. R1c2 Be7 39. Nc1 Bd8 40. Nd3 Rb5 41. Bd2 Ba5 42. Rc6 Nb8 43. R6c4 Rdb7 44. Kg2 Kf6 45. f4 exf4 46. Bxf4 Ke7 47. Bg5+ f6 48. Bd2 Nd7 49. Be3 Bb6 50. Bxb6 R5xb6 51. Rc7 Rb8 52. Nf4 Rg8 53. R2c4 Rb5 54. Nd3 Rgb8 55. Nf4 1/2-1/2

[Event "Bad Godesberg op 15th"]
[Site "Bad Godesberg"]
[Date "2011.07.25"]
[Round "3"]
[White "Schwab, Wolfgang"]
[Black "Opitz, Frank"]
[Result "0-1"]
[WhiteElo "1686"]
[BlackElo "1834"]
[PlyCount "82"]
[EventDate "2011.07.23"]
[EventType "swiss"]
[EventRounds "9"]
[EventCountry "GER"]
[SourceTitle "EXT 2017"]
[Source "ChessBase"]
[SourceDate "2016.10.25"]
[SourceVersion "1"]
[SourceVersionDate "2016.10.25"]
[SourceQuality "1"]

1. Nc3 d5 2. e4 dxe4 3. Nxe4 e6 4. Nf3 Be7 5. d4 Nf6 6. Ng3 c5 7. c3 0-0 8. Bd3 cxd4 9. Nxd4 Bd7 10. Qc2 Nc6 11. Nf3 Rc8 12. a3 Qc7 13. Bg5 h6 14. Bd2 Ne5 15. Nxe5 Qxe5+ 16. Ne2 Bc6 17. Bf4 Qd5 18. f3 Rfd8 19. Rd1 Qa5 20. 0-0 Ba4 21. b3 Qb6+ 22. Kh1 Bxb3 23. Qc1 Bxd1 24. Rxd1 Qa5 25. Bxh6 gxh6 26. Qxh6 Qh5 27. Qf4 Bd6 28. Bh7+ Kxh7 29. Rxd6 Rxd6 30. Qxd6 Qd5 31. Qb4 Qc4 32. Qb2 Nd5 33. h3 Nxc3 34. Nxc3 Qxc3 35. Qb1+ Qc2 36. Qb4 Qf2 37. Qe4+ Kg7 38. Qe5+ f6 39. Qxe6 Rc1+ 40. Kh2 Qg1+ 41. Kg3 Qe1+ 0-1

[Event "Hennef op 20th"]
[Site "Hennef"]
[Date "2006.11.29"]
[Round "4"]
[White "Schwab, Wolfgang"]
[Black "Huedig, Horst Dieter"]
[Result "1-0"]
[WhiteElo "1653"]
[BlackElo "1511"]
[PlyCount "65"]
[EventDate "2006.11.08"]
[EventType "swiss"]
[EventRounds "7"]
[EventCountry "GER"]
[SourceTitle "EXT 2009"]
[Source "ChessBase"]
[SourceDate "2008.11.26"]
[SourceVersion "1"]
[SourceVersionDate "2008.11.26"]
[SourceQuality "1"]
[BlackTeam "Germany"]
[BlackTeamCountry "GER"]

1. Nf3 d5 2. b3 Bf5 3. Bb2 Nf6 4. e3 Nbd7 5. c4 c6 6. Nc3 e6 7. Be2 h6 8. a3 Bd6 9. b4 0-0 10. c5 Bc7 11. d4 Ne4 12. Nxe4 Bxe4 13. Bd3 Nf6 14. Bxe4 Nxe4 15. Ne5 a6 16. Qg4 Qe7 17. 0-0 Rad8 18. f4 Bxe5 19. dxe5 Nd2 20. Rf2 Nc4 21. Bd4 Qd7 22. f5 Nxe3 23. Bxe3 d4 24. Bxh6 f6 25. fxe6 Qe7 26. exf6 Rxf6 27. Rxf6 Qxf6 28. Bg5 Qg6 29. h4 Re8 30. Re1 d3 31. e7 d2 32. Qc4+ Kh8 33. Bxd2 1-0